Indexed categories and their applications

保存先:
書誌詳細
主要な著者: Johnstone, P. T (著者), Paré, R (著者), Rosewburgh, R. D (著者), Schumacher, D (著者), Wood, R. J (著者), Wraith, G. C (著者)
フォーマット: 図書
言語:英語
出版事項: Berlín Springer-Verlag 1978
シリーズ:Lecture Notes in Mathematics, 661
主題:
タグ: タグ追加
タグなし, このレコードへの初めてのタグを付けませんか!

MARC

LEADER 00000nam a2200000 a 4500
001 UCP1804
003 CL-VaPUC
008 990426e19780000GW |||||||||||||||||eng|d
082 0 4 |a 512.55  |b JOH  |2 21 
100 0 |a Johnstone, P. T  |e author  |9 428095 
700 0 |a Paré, R  |e author  |9 428096 
700 0 |a Rosewburgh, R. D  |e author  |9 428097 
700 0 |a Schumacher, D  |e author  |9 428098 
700 0 |a Wood, R. J  |e author  |9 428099 
700 0 |a Wraith, G. C  |e author  |9 428100 
245 1 0 |a Indexed categories and their applications 
300 |a 260 p 
942 |c BK 
945 |d 19990426 00:00:00  |a crobeson 
260 |a Berlín  |b Springer-Verlag  |c 1978 
650 7 |a CATEGORIAS  |2 CL-VaPUC  |9 370232 
650 0 |a Estructuras algebraicas  |9 422373 
650 7 |a MORFISMOS  |2 CL-VaPUC  |9 423152 
583 |a last modification  |c 19990426 00:00:00  |k Rodrigo Vera 
490 0 |a Lecture Notes in Mathematics, 661 
999 |c 280442  |d 280440 
952 |0 0  |1 0  |4 0  |6 512_550000000000000_JOH_1978  |7 0  |8 A  |9 320746  |a BIBMAT  |b BIBMAT  |d 2019-11-20  |i 1344056  |o 512.55 JOH 1978  |p 1344056  |r 2025-01-07  |w 2019-11-20  |y BK  |k MAT